ბათუმის შოთა რუსთაველის სახელმწიფო უნივერსიტეტის ბიბლიოთეკა

Структурная антропология / (ბიბ.ჩანაწერი № 60853)

000 -LEADER
fixed length control field 00819nam a22001937a 4500
005 - DATE AND TIME OF LATEST TRANSACTION
control field 20231110115725.0
008 - FIXED-LENGTH DATA ELEMENTS--GENERAL INFORMATION
fixed length control field 231110s2001 ru ||||| |||| 00| 0 rus d
020 ## - INTERNATIONAL STANDARD BOOK NUMBER
International Standard Book Number 5040083491
041 ## - LANGUAGE CODE
Language code of text/sound track or separate title rus
080 ## - UNIVERSAL DECIMAL CLASSIFICATION NUMBER
Universal Decimal Classification number 141.398.8 Л-36
100 ## - MAIN ENTRY--PERSONAL NAME
Personal name Леви-Стросс Клод
9 (RLIN) 20318
245 ## - TITLE STATEMENT
Title Структурная антропология /
Statement of responsibility, etc. Леви-Стросс Клод; Перевод с французского Вяч. Вс. Иванова.
264 ## - PRODUCTION, PUBLICATION, DISTRIBUTION, MANUFACTURE, AND COPYRIGHT NOTICE
Place of production, publication, distribution, manufacture М.:
Name of producer, publisher, distributor, manufacturer Изд-во ЭКСМО-Пресс,
Date of production, publication, distribution, manufacture, or copyright notice 2001.
300 ## - PHYSICAL DESCRIPTION
Extent 512 стр.:
Other physical details ил.;
Dimensions 22 см.
440 ## - SERIES STATEMENT/ADDED ENTRY--TITLE
Title Психология без границ
9 (RLIN) 20319
653 ## - INDEX TERM--UNCONTROLLED
keyword სტრუქტურული ანთროპოლოგია
700 ## - ADDED ENTRY--PERSONAL NAME
Personal name Иванов, В. В.
Relator term მთარგმნელი
9 (RLIN) 20320
942 ## - ADDED ENTRY ELEMENTS (KOHA)
Source of classification or shelving scheme
Koha item type წიგნი
ეგზემპლარები
Withdrawn status Lost status Source of classification or shelving scheme Damaged status Not for loan Permanent Location Current Location Shelving location Date acquired Cost, normal purchase price Full call number Barcode Date last seen Copy number Uniform Resource Identifier Price effective from Koha item type Public note
          ბათუმის შოთა რუსთაველის სახელმწიფო უნივერსიტეტის მთავარი ბიბლიოთეკა ბათუმის შოთა რუსთაველის სახელმწიფო უნივერსიტეტის მთავარი ბიბლიოთეკა წიგნსაცავი 2023-11-10 10.00 141.398.8 Л-36 65401 2023-11-10 65401 ბსუ-ს საპატიო დოქტორის გურამ ლორთქიფანიძის საჩუქარი 2023-11-10 წიგნი 10 ლ.